[Event "DEM U14 2021"]
[Site "Willingen GER"]
[Date "2021.08.26"]
[Round "6"]
[White "Pfeffer, Samuel"]
[Black "Schwartz, Oliver"]
[Result "0-1"]
[Termination "normal"]
[Board "20"]
[WhiteElo "1487"]
[BlackElo "1896"]
[WhiteClock "00:39:58"]
[BlackClock "00:21:44"]
[PlyCount "120"]
[WhiteFideId "16249160"]
[BlackFideId "16207459"]
[EventCountry "GER"]
[EventRounds "9"]
[EventType "swiss"]
[EventDate "2021.08.22"]

1. d4 {[%clk 1:30:55]} Nf6 {[%clk 1:30:53]} 2. c4 {[%clk 1:30:59]} e6 {[%clk
1:31:07]} 3. Nc3 {[%clk 1:30:54]} Bb4 {[%clk 1:30:59]} 4. g3 {[%clk 1:30:18]}
c5 {[%clk 1:30:56]} 5. Nf3 {[%clk 1:29:23]} cxd4 {[%clk 1:29:29]} 6. Nxd4
{[%clk 1:29:35]} O-O {[%clk 1:29:06]} 7. Bg2 {[%clk 1:28:52]} d5 {[%clk
1:26:31]} 8. O-O {[%clk 1:26:53]} Nc6 {[%clk 1:17:48]} 9. a3 {[%clk 1:23:58]}
Bxc3 {[%clk 1:14:56]} 10. bxc3 {[%clk 1:23:59]} Na5 {[%clk 1:04:44]} 11. cxd5
{[%clk 1:21:54]} Nxd5 {[%clk 1:01:48]} 12. Qd3 {[%clk 1:09:54]} Bd7 {[%clk
0:45:31]} 13. c4 {[%clk 0:50:03]} Ne7 {[%clk 0:44:15]} 14. Bd2 {[%clk 0:48:04]}
Nac6 {[%clk 0:43:22]} 15. Nb5 {[%clk 0:43:34]} Ne5 {[%clk 0:25:15]} 16. Qc3
{[%clk 0:37:53]} Bc6 {[%clk 0:22:47]} 17. Bf4 {[%clk 0:33:28]} N5g6 {[%clk
0:20:13]} 18. Be3 {[%clk 0:23:15]} Bxg2 {[%clk 0:17:09]} 19. Kxg2 {[%clk
0:22:47]} a6 {[%clk 0:16:32]} 20. Rfd1 {[%clk 0:19:51]} Qc8 {[%clk 0:16:42]}
21. Nd6 {[%clk 0:18:03]} Qc6+ {[%clk 0:16:43]} 22. Kg1 {[%clk 0:17:44]} Nd5
{[%clk 0:11:25]} 23. Qb3 {[%clk 0:15:35]} Nxe3 {[%clk 0:11:10]} 24. Qxe3 {[%clk
0:15:06]} b6 {[%clk 0:10:09]} 25. Rab1 {[%clk 0:14:03]} Rab8 {[%clk 0:10:18]}
26. Qd4 {[%clk 0:10:05]} Rfd8 {[%clk 0:09:28]} 27. e4 {[%clk 0:09:00]} Rd7
{[%clk 0:05:47]} 28. e5 {[%clk 0:07:01]} Rc7 {[%clk 0:05:34]} 29. Rdc1 {[%clk
0:05:42]} Qc5 {[%clk 0:02:57]} 30. Qxc5 {[%clk 0:05:22]} Rxc5 {[%clk 0:03:25]}
31. f4 {[%clk 0:05:38]} Ne7 {[%clk 0:02:08]} 32. Ne4 {[%clk 0:05:58]} Rcc8
{[%clk 0:01:20]} 33. c5 {[%clk 0:06:09]} bxc5 {[%clk 0:01:16]} 34. Rxb8 {[%clk
0:06:10]} Rxb8 {[%clk 0:01:45]} 35. Nxc5 {[%clk 0:05:58]} a5 {[%clk 0:01:02]}
36. Rd1 {[%clk 0:05:43]} Nd5 {[%clk 0:01:03]} 37. Nd7 {[%clk 0:05:12]} Rb3
{[%clk 0:00:51]} 38. Rc1 {[%clk 0:05:18]} Nc3 {[%clk 0:00:46]} 39. Nc5 {[%clk
0:05:27]} Ne2+ {[%clk 0:01:12]} 40. Kf2 {[%clk 0:04:57]} Nxc1 {[%clk 0:01:34]}
41. Nxb3 {[%clk 0:04:49]} Nxb3 {[%clk 0:01:55]} 42. Ke3 {[%clk 0:04:41]} Kf8
{[%clk 0:25:50]} 43. Kd3 {[%clk 0:34:28]} Ke7 {[%clk 0:24:37]} 44. Kc4 {[%clk
0:34:51]} a4 {[%clk 0:23:12]} 45. Kb4 {[%clk 0:35:02]} Kd7 {[%clk 0:22:49]} 46.
Kxa4 {[%clk 0:35:29]} Nd2 {[%clk 0:22:25]} 47. Kb5 {[%clk 0:35:42]} Kc7 {[%clk
0:22:23]} 48. a4 {[%clk 0:36:08]} Nf1 {[%clk 0:21:23]} 49. a5 {[%clk 0:36:22]}
Nxh2 {[%clk 0:20:06]} 50. a6 {[%clk 0:36:52]} h5 {[%clk 0:20:03]} 51. a7 {[%clk
0:37:15]} Kb7 {[%clk 0:20:30]} 52. a8=Q+ {[%clk 0:37:20]} Kxa8 {[%clk 0:20:58]}
53. Kc6 {[%clk 0:37:30]} Nf1 {[%clk 0:20:54]} 54. Kd7 {[%clk 0:37:52]} Nxg3
{[%clk 0:20:46]} 55. Ke7 {[%clk 0:38:20]} h4 {[%clk 0:20:35]} 56. Kxf7 {[%clk
0:38:41]} h3 {[%clk 0:20:55]} 57. Kxe6 {[%clk 0:39:08]} h2 {[%clk 0:21:10]} 58.
Kf7 {[%clk 0:39:20]} h1=Q {[%clk 0:21:19]} 59. e6 {[%clk 0:39:46]} Nf5 {[%clk
0:21:28]} 60. Kg6 {[%clk 0:39:58]} Qe4 {[%clk 0:21:44]} 0-1

[Event "DEM U14 2021"]
[Site "Willingen GER"]
[Date "2021.08.26"]
[Round "6"]
[White "Andrade, Ruben"]
[Black "Udelnov, Valentin"]
[Result "0-1"]
[Termination "normal"]
[Board "21"]
[WhiteElo "1638"]
[BlackElo "1728"]
[WhiteClock "00:04:49"]
[BlackClock "00:38:48"]
[PlyCount "68"]
[WhiteFideId "16246829"]
[BlackFideId "16265734"]
[EventCountry "GER"]
[EventRounds "9"]
[EventType "swiss"]
[EventDate "2021.08.22"]

1. e4 {[%clk 1:30:57]} e5 {[%clk 1:30:47]} 2. Nf3 {[%clk 1:31:23]} Nc6 {[%clk
1:31:13]} 3. Bc4 {[%clk 1:31:49]} Bc5 {[%clk 1:31:34]} 4. c3 {[%clk 1:32:14]}
Nf6 {[%clk 1:32:00]} 5. d3 {[%clk 1:32:39]} d6 {[%clk 1:32:15]} 6. Bb3 {[%clk
1:32:57]} a6 {[%clk 1:27:43]} 7. Nbd2 {[%clk 1:33:19]} Ba7 {[%clk 1:27:42]} 8.
h3 {[%clk 1:33:32]} O-O {[%clk 1:27:27]} 9. Nf1 {[%clk 1:33:51]} Be6 {[%clk
1:26:11]} 10. Ng3 {[%clk 1:33:44]} Ne7 {[%clk 1:24:40]} 11. O-O {[%clk
1:33:07]} h6 {[%clk 1:24:44]} 12. Re1 {[%clk 1:32:58]} Ng6 {[%clk 1:24:33]} 13.
d4 {[%clk 1:32:33]} exd4 {[%clk 1:22:30]} 14. cxd4 {[%clk 1:32:55]} Re8 {[%clk
1:19:48]} 15. Bc2 {[%clk 1:31:05]} c6 {[%clk 1:15:04]} 16. Be3 {[%clk 1:27:02]}
Qc7 {[%clk 1:13:28]} 17. Qd2 {[%clk 1:23:42]} Rad8 18. Nf5 {[%clk 1:14:03]} d5
{[%clk 0:56:31]} 19. Bxh6 {[%clk 0:58:56]} Nxe4 {[%clk 0:55:49]} 20. Bxe4
{[%clk 0:54:55]} dxe4 {[%clk 0:56:16]} 21. Nxg7 {[%clk 0:50:49]} exf3 {[%clk
0:53:04]} 22. Nxe8 {[%clk 0:48:54]} Rxe8 {[%clk 0:53:29]} 23. Qc3 {[%clk
0:34:21]} Kh7 {[%clk 0:47:10]} 24. d5 {[%clk 0:30:59]} Kxh6 {[%clk 0:46:59]}
25. dxe6 {[%clk 0:30:24]} fxg2 {[%clk 0:46:03]} 26. Qd2+ {[%clk 0:24:03]} Kh7
{[%clk 0:46:02]} 27. exf7 {[%clk 0:19:33]} Bb8 {[%clk 0:41:24]} 28. f4 {[%clk
0:15:04]} Qxf7 {[%clk 0:40:14]} 29. Rxe8 {[%clk 0:13:41]} Qxe8 {[%clk 0:40:26]}
30. Qxg2 {[%clk 0:12:56]} Qe3+ {[%clk 0:39:29]} 31. Qf2 {[%clk 0:11:02]} Qxh3
{[%clk 0:39:06]} 32. f5 {[%clk 0:11:00]} Nh4 {[%clk 0:38:25]} 33. Rf1 {[%clk
0:04:22]} Nf3+ {[%clk 0:38:48]} 34. Qxf3 {[%clk 0:04:49]} Qh2# 0-1

[Event "DEM U14 2021"]
[Site "Willingen GER"]
[Date "2021.08.26"]
[Round "6"]
[White "Amrhein, Dennis"]
[Black "Lippitz, Jaden"]
[Result "1/2-1/2"]
[Termination "normal"]
[Board "23"]
[WhiteElo "1267"]
[BlackElo "1615"]
[WhiteClock "00:36:31"]
[BlackClock "00:40:08"]
[PlyCount "42"]
[WhiteFideId "16254570"]
[BlackFideId "34608893"]
[EventCountry "GER"]
[EventRounds "9"]
[EventType "swiss"]
[EventDate "2021.08.22"]

1. d4 {[%clk 1:30:57]} c5 {[%clk 1:30:55]} 2. c3 {[%clk 1:30:57]} d5 3. Bf4 Nc6
{[%clk 1:30:01]} 4. e3 {[%clk 1:31:34]} Nf6 {[%clk 1:29:22]} 5. Nf3 {[%clk
1:31:43]} e6 {[%clk 1:28:35]} 6. Bd3 {[%clk 1:31:42]} cxd4 {[%clk 1:26:02]} 7.
exd4 {[%clk 1:31:05]} Bd6 {[%clk 1:25:19]} 8. Bg3 {[%clk 1:31:11]} Bxg3 {[%clk
1:23:57]} 9. hxg3 h6 10. Nbd2 {[%clk 1:31:31]} b6 {[%clk 1:20:23]} 11. Qe2
{[%clk 1:29:38]} Qe7 {[%clk 1:16:58]} 12. Ne5 Nxe5 13. Qxe5 {[%clk 1:26:47]} a5
{[%clk 1:12:27]} 14. Nf3 Ba6 {[%clk 1:10:35]} 15. Bxa6 {[%clk 1:22:53]} Rxa6
{[%clk 1:10:44]} 16. Ng5 {[%clk 1:22:33]} O-O {[%clk 1:05:25]} 17. Nh3 {[%clk
1:22:10]} b5 {[%clk 1:04:31]} 18. Qe2 {[%clk 1:20:41]} Rb6 19. g4 Ne4 {[%clk
0:58:17]} 20. Rc1 {[%clk 0:52:57]} Rc8 21. O-O {[%clk 0:36:31]} Qf6 {[%clk
0:40:08]} 1/2-1/2

[Event "DEM U14 2021"]
[Site "Willingen GER"]
[Date "2021.08.26"]
[Round "6"]
[White "Kieselbach, Jannik"]
[Black "Poetzsch-Heffter, Frieder"]
[Result "1-0"]
[Termination "normal"]
[Board "24"]
[WhiteElo "1462"]
[BlackElo "1598"]
[WhiteClock "00:56:18"]
[BlackClock "00:02:45"]
[PlyCount "81"]
[WhiteFideId "16246403"]
[BlackFideId "34608842"]
[EventCountry "GER"]
[EventRounds "9"]
[EventType "swiss"]
[EventDate "2021.08.22"]

1. e4 {[%clk 1:30:55]} e5 {[%clk 1:30:51]} 2. Nf3 {[%clk 1:31:14]} Nc6 {[%clk
1:31:06]} 3. d4 {[%clk 1:31:39]} exd4 {[%clk 1:29:47]} 4. Nxd4 {[%clk 1:32:03]}
Nf6 {[%clk 1:29:56]} 5. Nc3 {[%clk 1:32:24]} Bb4 {[%clk 1:30:05]} 6. Nxc6
{[%clk 1:32:19]} dxc6 {[%clk 1:30:10]} 7. Qxd8+ {[%clk 1:32:06]} Kxd8 {[%clk
1:30:17]} 8. Bd3 {[%clk 1:32:07]} Be6 {[%clk 1:29:36]} 9. Bg5 {[%clk 1:31:50]}
Kd7 {[%clk 1:27:42]} 10. O-O {[%clk 1:31:14]} h6 {[%clk 1:26:37]} 11. Bh4
{[%clk 1:31:01]} g5 {[%clk 1:24:01]} 12. Bg3 {[%clk 1:31:06]} Nh5 {[%clk
1:23:33]} 13. Ne2 {[%clk 1:28:12]} Bc5 {[%clk 1:18:04]} 14. c3 {[%clk 1:24:46]}
Rag8 {[%clk 1:11:13]} 15. a4 {[%clk 1:23:51]} a5 {[%clk 1:05:53]} 16. Rfd1
{[%clk 1:20:25]} Kc8 {[%clk 1:02:35]} 17. Be5 {[%clk 1:16:54]} f6 {[%clk
0:49:44]} 18. Bd4 {[%clk 1:17:15]} Bxd4 {[%clk 0:49:42]} 19. Nxd4 {[%clk
1:16:19]} Nf4 {[%clk 0:47:14]} 20. Nxe6 {[%clk 1:15:58]} Nxe6 {[%clk 0:47:02]}
21. b4 {[%clk 1:09:48]} axb4 {[%clk 0:43:54]} 22. cxb4 {[%clk 1:09:52]} Nf4
{[%clk 0:43:16]} 23. Bc4 {[%clk 1:08:13]} Rg7 {[%clk 0:40:51]} 24. a5 {[%clk
1:06:59]} h5 {[%clk 0:33:46]} 25. g3 {[%clk 1:06:18]} Nh3+ {[%clk 0:33:32]} 26.
Kg2 {[%clk 1:06:35]} g4 {[%clk 0:33:28]} 27. a6 {[%clk 1:06:02]} b6 {[%clk
0:27:41]} 28. Be6+ {[%clk 1:04:58]} Kb8 {[%clk 0:27:47]} 29. Bd7 {[%clk
1:04:44]} Ka7 {[%clk 0:26:32]} 30. Bxc6 {[%clk 1:04:00]} Ng5 {[%clk 0:25:02]}
31. Rd3 {[%clk 1:01:42]} Nf3 {[%clk 0:20:31]} 32. b5 {[%clk 1:00:40]} h4 {[%clk
0:17:50]} 33. Rad1 {[%clk 0:59:30]} Rgg8 {[%clk 0:10:42]} 34. Rd7 {[%clk
0:58:23]} Rc8 {[%clk 0:02:47]} 35. Bb7 {[%clk 0:57:30]} Rb8 {[%clk 0:02:29]}
36. Rxc7 {[%clk 0:57:18]} Rxb7 {[%clk 0:01:57]} 37. Rxb7+ {[%clk 0:56:02]} Ka8
{[%clk 0:02:20]} 38. Rdd7 {[%clk 0:55:57]} hxg3 {[%clk 0:01:55]} 39. Ra7+
{[%clk 0:55:58]} Kb8 40. Rdb7+ {[%clk 0:56:18]} Kc8 {[%clk 0:02:45]} 41. Ra8#
1-0

[Event "DEM U14 2021"]
[Site "Willingen GER"]
[Date "2021.08.27"]
[Round "7"]
[White "Deuer, Marius"]
[Black "Costa, Leonardo"]
[Result "0-1"]
[Termination "normal"]
[Board "1"]
[WhiteTitle "FM"]
[BlackTitle "FM"]
[WhiteElo "2163"]
[BlackElo "2336"]
[WhiteClock "00:01:29"]
[BlackClock "00:05:58"]
[PlyCount "156"]
[WhiteFideId "16236432"]
[BlackFideId "16213955"]
[EventCountry "GER"]
[EventRounds "9"]
[EventType "swiss"]
[EventDate "2021.08.22"]

1. e4 {[%clk 1:30:58]} e5 {[%clk 1:30:54]} 2. Nf3 {[%clk 1:31:24]} Nc6 {[%clk
1:31:20]} 3. Bb5 {[%clk 1:31:51]} a6 {[%clk 1:31:45]} 4. Ba4 {[%clk 1:32:18]}
d6 {[%clk 1:32:09]} 5. O-O {[%clk 1:31:37]} Bd7 {[%clk 1:32:06]} 6. c3 {[%clk
1:31:46]} g6 {[%clk 1:32:15]} 7. d4 {[%clk 1:30:35]} Bg7 {[%clk 1:32:34]} 8. d5
{[%clk 1:23:55]} Nce7 {[%clk 1:32:15]} 9. Bxd7+ {[%clk 1:23:32]} Qxd7 {[%clk
1:32:40]} 10. c4 {[%clk 1:23:55]} h6 {[%clk 1:32:34]} 11. Nc3 {[%clk 1:13:39]}
f5 {[%clk 1:28:32]} 12. Ne1 {[%clk 0:59:17]} Nf6 {[%clk 1:27:57]} 13. f3 {[%clk
0:59:38]} O-O {[%clk 1:23:32]} 14. Nd3 {[%clk 0:58:23]} c5 {[%clk 1:06:58]} 15.
Qe2 {[%clk 0:40:38]} b5 {[%clk 1:02:01]} 16. b3 {[%clk 0:40:53]} Nc8 {[%clk
0:55:18]} 17. Be3 {[%clk 0:32:34]} Nb6 {[%clk 0:49:27]} 18. cxb5 {[%clk
0:30:49]} axb5 {[%clk 0:47:27]} 19. b4 {[%clk 0:31:17]} cxb4 {[%clk 0:44:24]}
20. Nxb4 Nc4 {[%clk 0:44:11]} 21. Bf2 {[%clk 0:31:45]} fxe4 {[%clk 0:27:29]}
22. Nxe4 {[%clk 0:24:28]} Nxe4 {[%clk 0:25:41]} 23. fxe4 {[%clk 0:22:45]} Ra4
{[%clk 0:23:19]} 24. Rab1 {[%clk 0:19:08]} h5 {[%clk 0:21:09]} 25. Rb3 {[%clk
0:15:26]} Bh6 {[%clk 0:20:34]} 26. Rd1 {[%clk 0:13:02]} Rxf2 {[%clk 0:11:21]}
27. Qxf2 {[%clk 0:12:47]} Rxb4 {[%clk 0:10:40]} 28. Qg3 {[%clk 0:13:08]} Rxb3
{[%clk 0:09:35]} 29. axb3 {[%clk 0:12:21]} Ne3 {[%clk 0:08:04]} 30. Qxg6+
{[%clk 0:11:39]} Qg7 {[%clk 0:08:31]} 31. Qxg7+ {[%clk 0:09:46]} Kxg7 {[%clk
0:07:39]} 32. Ra1 {[%clk 0:02:29]} Nc2 {[%clk 0:07:10]} 33. Ra2 {[%clk
0:01:49]} Nd4 {[%clk 0:03:55]} 34. b4 {[%clk 0:02:18]} Kf6 {[%clk 0:02:43]} 35.
g3 {[%clk 0:01:38]} Bg5 {[%clk 0:02:15]} 36. h4 {[%clk 0:00:45]} Bd2 {[%clk
0:02:00]} 37. Rb2 {[%clk 0:00:33]} Bc3 {[%clk 0:01:14]} 38. Rb1 {[%clk
0:01:02]} Nf3+ {[%clk 0:01:22]} 39. Kf2 {[%clk 0:00:37]} Nd2 {[%clk 0:01:48]}
40. Rd1 Bxb4 {[%clk 0:01:45]} 41. Ke3 {[%clk 0:25:57]} Nc4+ {[%clk 0:25:21]}
42. Ke2 {[%clk 0:26:02]} Bc5 {[%clk 0:25:40]} 43. Rf1+ {[%clk 0:15:56]} Kg6
{[%clk 0:25:32]} 44. Rf3 {[%clk 0:09:42]} b4 {[%clk 0:23:48]} 45. Kd3 {[%clk
0:09:58]} Nb2+ {[%clk 0:21:02]} 46. Kc2 {[%clk 0:10:15]} Na4 {[%clk 0:21:17]}
47. Rf8 {[%clk 0:07:03]} Nc3 {[%clk 0:21:03]} 48. Kd3 {[%clk 0:07:31]} Nb5
{[%clk 0:17:38]} 49. Rb8 {[%clk 0:03:58]} Nd4 {[%clk 0:18:02]} 50. Rf8 {[%clk
0:03:47]} Kg7 {[%clk 0:13:51]} 51. Rf1 {[%clk 0:02:32]} b3 {[%clk 0:08:52]} 52.
Rb1 {[%clk 0:01:46]} Kf6 {[%clk 0:08:01]} 53. Kc4 {[%clk 0:01:39]} Ba3 {[%clk
0:08:06]} 54. Kc3 {[%clk 0:00:45]} Ke7 {[%clk 0:04:51]} 55. Rf1 {[%clk
0:00:35]} b2 {[%clk 0:04:55]} 56. Kd3 {[%clk 0:00:46]} Nb3 {[%clk 0:03:40]} 57.
Kc2 {[%clk 0:01:09]} Nc5 {[%clk 0:04:07]} 58. Re1 {[%clk 0:00:38]} Bb4 {[%clk
0:03:48]} 59. Rg1 {[%clk 0:00:33]} Nxe4 {[%clk 0:02:44]} 60. Kxb2 {[%clk
0:00:33]} Nf6 {[%clk 0:02:39]} 61. Rd1 {[%clk 0:00:41]} Bc5 {[%clk 0:02:52]}
62. Kb3 {[%clk 0:00:39]} Bf2 {[%clk 0:03:11]} 63. Kc4 {[%clk 0:00:32]} Bxg3
{[%clk 0:03:35]} 64. Rh1 {[%clk 0:01:01]} Ng4 {[%clk 0:02:35]} 65. Rh3 {[%clk
0:00:43]} Bf2 {[%clk 0:02:53]} 66. Kd3 {[%clk 0:00:53]} Kf6 {[%clk 0:03:02]}
67. Ke4 {[%clk 0:01:00]} Kg6 {[%clk 0:03:17]} 68. Rh1 {[%clk 0:01:11]} Bc5
{[%clk 0:03:26]} 69. Ra1 {[%clk 0:00:35]} Nf6+ {[%clk 0:03:52]} 70. Kd3 {[%clk
0:00:41]} Nxd5 {[%clk 0:04:18]} 71. Ra8 {[%clk 0:01:10]} Nf6 {[%clk 0:04:32]}
72. Ke2 {[%clk 0:01:17]} d5 {[%clk 0:04:35]} 73. Ra5 {[%clk 0:00:57]} Bd4
{[%clk 0:04:53]} 74. Ra3 {[%clk 0:01:15]} e4 {[%clk 0:04:48]} 75. Ra4 {[%clk
0:01:26]} Be5 {[%clk 0:05:10]} 76. Ra8 {[%clk 0:01:00]} Bg3 {[%clk 0:05:07]}
77. Ke3 {[%clk 0:01:04]} Bxh4 {[%clk 0:05:32]} 78. Kd4 {[%clk 0:01:29]} Kf5
{[%clk 0:05:58]} 0-1

[Event "DEM U14 2021"]
[Site "Willingen GER"]
[Date "2021.08.27"]
[Round "7"]
[White "Honstein, Michael"]
[Black "Foerster-Yialamas, Lucas"]
[Result "0-1"]
[Termination "normal"]
[Board "2"]
[BlackTitle "CM"]
[WhiteElo "1810"]
[BlackElo "1881"]
[WhiteClock "00:16:47"]
[BlackClock "00:14:24"]
[PlyCount "86"]
[WhiteFideId "16287053"]
[BlackFideId "30901774"]
[EventCountry "GER"]
[EventRounds "9"]
[EventType "swiss"]
[EventDate "2021.08.22"]

1. e4 {[%clk 1:30:54]} c5 {[%clk 1:30:56]} 2. Nf3 {[%clk 1:31:05]} d6 {[%clk
1:31:10]} 3. d4 {[%clk 1:31:24]} cxd4 {[%clk 1:31:27]} 4. Qxd4 {[%clk 1:31:51]}
a6 {[%clk 1:31:40]} 5. c4 {[%clk 1:31:55]} Nc6 {[%clk 1:32:00]} 6. Qe3 {[%clk
1:32:03]} g6 {[%clk 1:32:13]} 7. h3 {[%clk 1:31:54]} Bg7 {[%clk 1:32:14]} 8.
Be2 {[%clk 1:31:32]} Nf6 {[%clk 1:32:19]} 9. O-O {[%clk 1:31:48]} O-O {[%clk
1:31:08]} 10. Nc3 {[%clk 1:31:52]} Be6 {[%clk 1:31:10]} 11. Rb1 {[%clk
1:31:33]} Nd7 {[%clk 1:31:23]} 12. b3 {[%clk 1:30:54]} Qb6 {[%clk 1:31:20]} 13.
Qd2 {[%clk 1:19:20]} Nc5 {[%clk 1:31:39]} 14. Bb2 {[%clk 1:18:31]} f5 {[%clk
1:19:12]} 15. Bd3 {[%clk 1:03:15]} Nxd3 {[%clk 1:07:53]} 16. Qxd3 {[%clk
1:03:29]} fxe4 {[%clk 0:51:24]} 17. Nxe4 {[%clk 1:03:24]} Bxb2 {[%clk 0:39:56]}
18. Rxb2 {[%clk 1:01:19]} Bf5 {[%clk 0:34:54]} 19. g4 {[%clk 0:48:05]} Bxe4
{[%clk 0:30:12]} 20. Qxe4 {[%clk 0:48:26]} Rf6 {[%clk 0:30:04]} 21. Re2 {[%clk
0:37:28]} Qc5 {[%clk 0:27:38]} 22. Rd1 {[%clk 0:32:48]} Raf8 {[%clk 0:26:39]}
23. Nd4 {[%clk 0:21:12]} e5 {[%clk 0:21:58]} 24. Nxc6 {[%clk 0:20:22]} bxc6
{[%clk 0:22:02]} 25. Qe3 {[%clk 0:18:40]} Qxe3 {[%clk 0:21:44]} 26. fxe3 {[%clk
0:19:08]} Kf7 {[%clk 0:18:54]} 27. g5 {[%clk 0:17:49]} Re6 {[%clk 0:17:07]} 28.
Rf2+ {[%clk 0:17:34]} Ke7 {[%clk 0:17:32]} 29. Rxf8 {[%clk 0:18:01]} Kxf8
{[%clk 0:18:02]} 30. e4 {[%clk 0:18:17]} Ke8 {[%clk 0:16:40]} 31. Kf2 {[%clk
0:17:30]} Kd7 {[%clk 0:14:46]} 32. c5 {[%clk 0:16:21]} Kc7 {[%clk 0:15:06]} 33.
Rxd6 {[%clk 0:16:28]} Rxd6 {[%clk 0:14:34]} 34. cxd6+ {[%clk 0:16:50]} Kxd6
{[%clk 0:15:02]} 35. Ke3 {[%clk 0:16:01]} Kc5 {[%clk 0:15:06]} 36. a3 {[%clk
0:16:31]} a5 {[%clk 0:15:28]} 37. Kd3 {[%clk 0:16:37]} Kb5 {[%clk 0:13:22]} 38.
Kc3 {[%clk 0:16:08]} a4 {[%clk 0:12:22]} 39. bxa4+ {[%clk 0:15:58]} Kxa4 {[%clk
0:12:43]} 40. Kc4 {[%clk 0:16:27]} Kxa3 {[%clk 0:12:58]} 41. Kc5 {[%clk
0:16:55]} Kb3 {[%clk 0:13:27]} 42. Kxc6 {[%clk 0:16:39]} Kc4 {[%clk 0:13:55]}
43. Kd6 {[%clk 0:16:47]} Kd4 {[%clk 0:14:24]} 0-1

[Event "DEM U14 2021"]
[Site "Willingen GER"]
[Date "2021.08.27"]
[Round "7"]
[White "Ohler, Julius"]
[Black "Stork, Christopher"]
[Result "1/2-1/2"]
[Termination "normal"]
[Board "3"]
[WhiteElo "2014"]
[BlackElo "1885"]
[WhiteClock "00:04:57"]
[BlackClock "00:00:34"]
[PlyCount "144"]
[WhiteFideId "16238982"]
[BlackFideId "16215400"]
[EventCountry "GER"]
[EventRounds "9"]
[EventType "swiss"]
[EventDate "2021.08.22"]

1. c4 {[%clk 1:30:58]} e5 {[%clk 1:30:45]} 2. g3 {[%clk 1:31:21]} Nf6 {[%clk
1:30:49]} 3. Bg2 {[%clk 1:31:47]} d5 {[%clk 1:30:53]} 4. cxd5 {[%clk 1:32:07]}
Nxd5 {[%clk 1:30:32]} 5. Nc3 {[%clk 1:32:33]} Nb6 {[%clk 1:30:43]} 6. d3 {[%clk
1:32:59]} Be7 {[%clk 1:29:55]} 7. Nf3 {[%clk 1:33:20]} Nc6 {[%clk 1:30:19]} 8.
O-O {[%clk 1:33:45]} O-O {[%clk 1:30:44]} 9. Be3 {[%clk 1:34:13]} Be6 {[%clk
1:29:01]} 10. Qc1 {[%clk 1:34:38]} f5 {[%clk 1:15:51]} 11. Rd1 {[%clk 1:34:41]}
Qe8 {[%clk 1:09:12]} 12. d4 {[%clk 1:27:00]} exd4 {[%clk 1:03:48]} 13. Nxd4
{[%clk 1:27:01]} Nxd4 {[%clk 1:03:34]} 14. Bxd4 {[%clk 1:27:07]} c6 {[%clk
1:03:02]} 15. Qe3 {[%clk 1:26:10]} Qg6 {[%clk 0:45:37]} 16. Bxb6 {[%clk
1:02:06]} f4 {[%clk 0:41:25]} 17. gxf4 {[%clk 0:59:59]} axb6 {[%clk 0:40:40]}
18. Qg3 {[%clk 0:50:04]} Qh6 {[%clk 0:36:04]} 19. e3 {[%clk 0:45:58]} Bh4
{[%clk 0:32:53]} 20. Qf3 {[%clk 0:46:14]} Rae8 {[%clk 0:30:45]} 21. Rd6 {[%clk
0:40:39]} Be7 {[%clk 0:26:37]} 22. Rd4 {[%clk 0:36:51]} Bf7 {[%clk 0:22:39]}
23. Qh3 {[%clk 0:33:19]} Bh5 {[%clk 0:16:24]} 24. Ne4 {[%clk 0:30:03]} Qg6
{[%clk 0:14:56]} 25. Qg3 {[%clk 0:30:01]} Qxg3 {[%clk 0:13:49]} 26. hxg3 {[%clk
0:29:53]} Rd8 {[%clk 0:13:53]} 27. Rxd8 {[%clk 0:22:58]} Rxd8 {[%clk 0:13:56]}
28. Rc1 {[%clk 0:23:05]} Bf7 {[%clk 0:12:34]} 29. a3 {[%clk 0:20:24]} b5 {[%clk
0:10:22]} 30. Bf3 {[%clk 0:17:46]} Bg6 {[%clk 0:07:47]} 31. Kf1 {[%clk
0:16:22]} Rd3 {[%clk 0:07:29]} 32. Nc5 {[%clk 0:10:45]} Bxc5 {[%clk 0:06:27]}
33. Rxc5 {[%clk 0:11:09]} Rb3 {[%clk 0:05:45]} 34. f5 {[%clk 0:11:24]} Bf7
{[%clk 0:05:58]} 35. Rc2 {[%clk 0:11:44]} b4 {[%clk 0:05:31]} 36. axb4 {[%clk
0:10:58]} Rxb4 {[%clk 0:05:59]} 37. Rd2 {[%clk 0:10:33]} Kf8 {[%clk 0:05:18]}
38. e4 {[%clk 0:09:14]} Ke7 {[%clk 0:03:38]} 39. Ke2 {[%clk 0:07:45]} Rb3
{[%clk 0:02:57]} 40. Bg2 {[%clk 0:07:20]} Bc4+ {[%clk 0:02:51]} 41. Ke1 {[%clk
0:05:25]} h5 {[%clk 0:24:04]} 42. Bf1 {[%clk 0:22:46]} Bf7 {[%clk 0:19:44]} 43.
Be2 {[%clk 0:17:23]} Rb4 {[%clk 0:09:42]} 44. f3 {[%clk 0:17:11]} Ra4 {[%clk
0:05:29]} 45. Kf2 {[%clk 0:16:40]} Rb4 {[%clk 0:05:22]} 46. Ke3 {[%clk
0:16:18]} g6 {[%clk 0:04:16]} 47. Kf4 {[%clk 0:15:05]} gxf5 {[%clk 0:03:40]}
48. Kxf5 {[%clk 0:15:28]} Rb3 {[%clk 0:03:03]} 49. Kg5 {[%clk 0:11:16]} Rb4
{[%clk 0:02:37]} 50. e5 {[%clk 0:10:46]} Rb3 {[%clk 0:02:25]} 51. Kh4 {[%clk
0:10:47]} Re3 {[%clk 0:01:32]} 52. f4 {[%clk 0:10:59]} c5 {[%clk 0:01:37]} 53.
Bb5 {[%clk 0:08:06]} Be6 {[%clk 0:01:46]} 54. Be2 {[%clk 0:07:46]} Bf7 {[%clk
0:02:04]} 55. g4 {[%clk 0:07:43]} hxg4 {[%clk 0:02:31]} 56. Bxg4 {[%clk
0:08:01]} Be8 {[%clk 0:02:22]} 57. Kg5 {[%clk 0:07:35]} c4 {[%clk 0:02:15]} 58.
e6 {[%clk 0:07:29]} c3 {[%clk 0:01:12]} 59. bxc3 {[%clk 0:07:50]} Rxc3 {[%clk
0:01:38]} 60. f5 {[%clk 0:07:26]} Rc5 {[%clk 0:01:55]} 61. Rh2 {[%clk 0:07:26]}
b5 {[%clk 0:01:46]} 62. Rh7+ {[%clk 0:06:09]} Kd6 {[%clk 0:02:03]} 63. Rb7
{[%clk 0:05:38]} Re5 {[%clk 0:00:59]} 64. Kf4 {[%clk 0:04:47]} Re1 {[%clk
0:00:44]} 65. Bf3 {[%clk 0:04:28]} Rf1 {[%clk 0:00:55]} 66. Kg3 {[%clk
0:03:36]} Rxf3+ {[%clk 0:01:06]} 67. Kg4 {[%clk 0:03:50]} Rf1 {[%clk 0:00:31]}
68. Kg5 {[%clk 0:04:13]} Bc6 {[%clk 0:00:36]} 69. Ra7 {[%clk 0:04:11]} b4
{[%clk 0:00:47]} 70. Ra6 {[%clk 0:04:22]} b3 {[%clk 0:00:48]} 71. Rb6 {[%clk
0:04:50]} Rf3 {[%clk 0:00:41]} 72. f6 {[%clk 0:04:57]} Kc7 {[%clk 0:00:34]}
1/2-1/2